header

Womanist ethics and the cultural production of evil (Record no. 246969)

MARC details
000 -LEADER
fixed length control field 01329nam a2200337Ia 4500
082 04 - DEWEY DECIMAL CLASSIFICATION NUMBER
Classification number 170.82
100 1# - MAIN ENTRY--AUTHOR NAME
Personal name Townes, Emilie Maureen,
245 10 - TITLE STATEMENT
Title Womanist ethics and the cultural production of evil
260 ## - PUBLICATION, DISTRIBUTION, ETC. (IMPRINT)
Place of publication New York :
Name of publisher Palgrave Macmillan,
Year of publication 2006.
300 ## - PHYSICAL DESCRIPTION
Number of Pages xv, 200 p.
490 1# - SERIES STATEMENT
Series statement Black religion, womanist thought, social justice
650 #0 - SUBJECT ADDED ENTRY--TOPICAL TERM
Topical Term Christian ethics.
Topical Term Womanist theology.
856 40 - ELECTRONIC LOCATION AND ACCESS
Uniform Resource Identifier http://site.ebrary.com/lib/rucke/Doc?id=10167448

No items available.

© 2026 Rongo University
Contact us: librarian | system librarian | Rongo university